[Event "Bundesliga 0506"]
[Site "Germany"]
[Date "2006.02.19"]
[Round "11.2"]
[White "Voigt, Roland"]
[Black "Boensch, Uwe"]
[Result "0-1"]
[WhiteElo "2384"]
[BlackElo "2547"]
[Annotator "Rogozenco,D"]
[PlyCount "118"]
[EventDate "2005.10.21"]
[EventType "team-tourn"]
[EventRounds "15"]
[EventCountry "GER"]
[SourceTitle "CBM 112"]
[Source "ChessBase"]
[SourceDate "2006.06.07"]
[SourceVersion "1"]
[SourceVersionDate "2006.06.07"]
[SourceQuality "1"]
[WhiteTeam "Leipzig Gohlis"]
[BlackTeam "Tegernsee"]
[WhiteTeamCountry "GER"]
[BlackTeamCountry "GER"]

1. e4 c5 2. c3 d5 3. exd5 Qxd5 4. d4 Nf6 5. Nf3 Bg4 6. Be2 e6 (6... Nc6 {allows
} 7. h3 Bh5 8. c4 Qd6 9. d5 $14) 7. h3 Bh5 8. O-O (8. c4 Qd8 $11 9. Qb3 $140 $6
cxd4 10. Qxb7 Nbd7 $132) 8... cxd4 ({The alternative is} 8... Nc6 9. Be3 ({
White can try to achieve a similar position from the game with} 9. a3 $5 cxd4 (
9... Be7 10. c4 Qd8 11. dxc5 $11 {/+/=}) 10. cxd4 Be7 11. Nc3 Qd6 12. Be3) 9...
cxd4 10. cxd4 Bb4 $5 11. a3 Ba5 {as played by Kasparov versus Deep Blue in 1996
}) 9. cxd4 Nc6 10. Nc3 Qd6 11. Be3 Be7 12. Qb3 O-O 13. a3 Rfd8 ({To equal
positions lead} 13... Rac8 14. Rfd1 Nd5 15. Rac1 (15. Ne4 Qb8 $15 {[%cal Gf8d8]
}) 15... Na5 16. Qb5 Nxc3 17. Rxc3 Rxc3 18. Qxh5 ({After} 18. bxc3 Qd5 {
only Black can be better}) 18... Rxe3 19. fxe3 Nc6 $11) 14. Rfd1 Nd5 ({Ch.Lutz
was successful in few games by placing the rook on b8 at once:} 14... Rab8 $11)
15. Ne4 (15. Nb5 Na5 $1 {[%cal Gd6b6]}) 15... Qc7 16. Rac1 Rab8 17. Ng3 (17.
Nc5 Nf4 18. Bxf4 Qxf4 19. Qe3 Bd6 $11 {/=, 1/2-1/2 Olsar,J (2309)-Jedlicka,A 
(2267)/Czechia 2003 (61)}) 17... Nxe3 (17... Bg6 $142 18. Ne5 Bd6 $15 19. Nxg6
Bxg3 20. Bg5 Bh2+ 21. Kh1 f6 22. Bg4 Qd6 23. Ne5 Nxd4 24. Rxd4 Bxe5 25. Re4
fxg5 (25... h5 26. f4 $1 $13 {1-0 Balinov,I (2450)-Loeffler,M (2365)/
Schwarzach 1998 (44)}) 26. Rce1 h5 $17) 18. Qxe3 Bxf3 19. Bxf3 Qb6 20. d5 $146
{The arising endgame is about equal.} ({After} 20. Ne2 {Black can take the pawn
} Qxb2 (20... Bf6 $6 21. Bxc6 bxc6 22. b4 $1 Rd6 23. Rc5 e5 $2 24. d5 $1 $36 {
1-0 Murariu,A (2299)-Costa,J (2006)/Oropesa del Mar 2000 (33)})) 20... Qxe3 21.
fxe3 exd5 22. Rxd5 Bf6 (22... Rxd5 $142 23. Bxd5 Bf6 24. Rc2 (24. Bxc6 $2 Bxb2
$1 25. Rc2 bxc6) 24... Ne7 25. Bf3 Rc8 26. Rxc8+ Nxc8 27. Bxb7 Nd6 $11) 23. Rb5
$1 {Now White can claim some edge thanks to his pressure on the queenside.} a6
24. Rb6 Be5 25. Ne4 Nd4 $5 ({Good enough was the simple} 25... Bc7 26. Rb3 Na5
27. Rb4 Be5 28. Rc5 Nc6 29. Rb3 Kf8 {and Black does not have real problems.})
26. Rc5 Nxf3+ 27. gxf3 Re8 28. Kf2 (28. f4 {leads to a draw:} Bxb2 (28... Bxf4
29. exf4 Rxe4 30. Rxb7 Rbe8 31. Rf5 f6 32. Rc5 {[%cal Gc5c7]} h5 33. Rcc7 Re1+
34. Kf2 R8e2+ 35. Kf3 Re3+ 36. Kf2 $11) 29. Rxb2 Rxe4 30. Rxb7 Rbe8 31. Rf5 f6
32. Rc5 Rxe3 33. Rcc7 Kh8 34. Rxg7 Rxh3 35. Rgf7 $11) 28... h6 29. Rc4 $6 (29.
b4 $14) 29... Rec8 $1 30. Rxc8+ Rxc8 31. Rxb7 $2 {A serious mistake.} ({After} 
31. b4 Rc2+ (31... Rc7 $2 32. Nc5) 32. Kf1 Ra2 33. Rxb7 Rxa3 34. Ke2 {White is
by no means worse. For instance:} Ra2+ (34... g5 $6 35. Re7 Ba1 36. Nd6 $132)
35. Kd3 Ra3+ (35... Rh2 $2 36. f4 Bb2 37. Nd6 Rxh3 38. Rb6 $1 $16 {[%cal Gd6c4]
} (38. Ra7 Ba3 39. Rxa6 Bxb4 40. Ra8+ Kh7 41. Nxf7 Bc5 42. Re8 $11)) 36. Ke2
Ra2+ $11 {Black must repeat in order to avoid being worse.} (36... Rb3 $2 37.
Nc5)) 31... Rc2+ 32. Kf1 Bxb2 33. Rb6 {Probably White was sure that the
resulting position is a draw, but Black finds a way to play for a win..} (33.
Rb3 $142 $1 $15) 33... Bc1 $1 {Without the pawn e3 White will have big
difficulties to defend.} (33... Bxa3 34. Rxa6 Bc1 35. Ra8+ Kh7 36. Ra7 Kg6 37.
Nd6 f5 38. e4 $11) (33... a5 34. Ra6 $11) 34. Rxa6 (34. Rb3 Ra2 35. Nc5 a5 36.
a4 Bd2 (36... Kh7 37. e4 Rh2 38. Nb7 Bd2 39. Rb2) 37. Rd3 Bb4 $17) 34... Bxe3
$17 {Here the rule that rook plus bishop are stronger than rook plus knight
works out perfectly: black pieces are very active and White's king is cut on
the first rank. Besides, all white pawns are weak.} 35. Rd6 (35. a4 f5 36. Nd6
Rf2+ 37. Ke1 f4 $17) (35. Ke1 Rh2 (35... f5 36. Nd6 f4 37. Nf5 Rf2 38. Nxe3
fxe3 39. h4 Kf7 40. Ra4 Rxf3 41. Re4 Kf6 42. Ke2 Rh3 43. a4 Kf5 44. Rb4 $11)
36. a4 Rxh3 37. Ke2 {White released the king and has counterplay with the
a-pawn. However, since the bishop controls square a7 this is not enough to
secure sufficient counterplay. For instance:} Bd4 38. Ra8+ Kh7 39. a5 Rh2+ 40.
Kd3 Bg1 41. a6 Ra2 42. Nc3 Ra3 43. Kc4 h5 $17) 35... Ra2 36. Rd8+ Kh7 37. Rd3
Bc1 38. Nd6 f6 39. Nb5 (39. Ne8 f5 $1 (39... Rxa3 40. Rd7 Rxf3+ 41. Kg2 Re3 42.
Nxf6+ Kg6 43. Ng4 $15) 40. Rd7 Bb2 41. Rb7 Kg6 (41... Kg8 42. Nd6 g6 43. a4 Bd4
44. Nc8 $1 {followed by the inevitable Ne7+ with a draw}) (41... Ba1 42. Rb5
Kg6 43. Nd6 f4 (43... Rxa3 44. Rxf5 Rd3 45. Ra5 Bf6 46. Ne4 Rxf3+ 47. Kg2 $15)
44. Ra5 Bd4 45. Ne4 Rh2 46. a4 Rxh3 47. Kg2 Rh5 48. Rxh5 Kxh5 49. a5 $11) (
41... Bd4 42. Rd7) 42. a4 Bd4 $1 (42... Be5 43. Rb5) (42... Ba1 43. Rb4 $15 {
[%cal Gb4c4,Ge8c7] is a much better version than in the game, since the bishop
cannot switch easily to the diagonal a7-g1.}) 43. Rb4 Be3 $17) 39... Kg6 40.
Rc3 Bd2 41. Rc4 f5 42. Nd4 $6 ({More chances would have kept} 42. a4 Be3 43.
Ke1 $17) 42... Rxa3 43. Kg2 $6 {This idea does not work - without a stable
square for the knight the king is unable to protect his weak pawns against the
combined attack of the rook and bishop.} (43. Rc6+ Kg5 ({or} 43... Kh5 $5 44.
Ke2 Ra2 45. Nxf5 Kg5) 44. Ne6+ Kf6 $17) 43... Kf6 44. Rc2 Be3 45. Nc6 f4 46.
Nb4 Ke5 47. Nc6+ Kd6 48. Nb4 Ke5 49. Nc6+ Kf5 50. Ne7+ Ke6 51. Nc6 Ra1 52. Nb4
Rg1+ 53. Kh2 Rg3 $19 54. Rg2 Rxf3 55. Rxg7 Rf1 56. Nd3 Kf5 57. Re7 Rd1 58. Ne5
Bg1+ 59. Kg2 Bc5 (59... Bc5 60. Re8 Re1 $19) 0-1

[Event "SCG-ch 2nd"]
[Site "Pancevo"]
[Date "2006.03.11"]
[Round "12"]
[White "Savic, Miodrag R"]
[Black "Kontic, Djordjije"]
[Result "0-1"]
[WhiteElo "2517"]
[BlackElo "2355"]
[Annotator "Rogozenco,D"]
[PlyCount "78"]
[EventDate "2006.02.27"]
[EventType "tourn"]
[EventRounds "13"]
[EventCountry "YUG"]
[EventCategory "11"]
[SourceTitle "CBM 112"]
[Source "ChessBase"]
[SourceDate "2006.06.07"]
[SourceVersion "1"]
[SourceVersionDate "2006.06.07"]
[SourceQuality "1"]

1. e4 c5 2. c3 d5 3. exd5 Nf6 4. Nf3 {Not a bad move, which, however, does not
pretend to refute Black's chosen variation. White has more ambitious ways to
meet 3...Nf6.} (4. Qa4+ Nbd7 (4... Bd7 5. Qb3 $14) 5. c4 $14) (4. Bb5+ Bd7 (
4... Nbd7 5. d4 $14 (5. c4 $14)) 5. Bxd7+ Qxd7 6. c4 e6 7. Qe2 Bd6 8. Nf3 O-O
9. dxe6 fxe6 10. O-O $14) ({If White wanted to return immediately the pawn,
then it makes sense to start with} 4. d4 cxd4 ({Objectively best for Black is} 
4... Qxd5 {which transposes to the usual 3...Qxd5 lines, but this means that
it made no sense to start with 3...Nf6.}) (4... Nxd5 $5 5. dxc5 (5. c4 Nf6 6.
d5 e6 7. Nc3 $13) 5... e6 6. c4 Nb4 7. Qxd8+ Kxd8 8. Na3 Bxc5 $11) 5. Bb5+ Bd7
(5... Nbd7 6. Qxd4 g6 7. d6 exd6 8. Nf3 $16) 6. Bc4 $14) 4... Nxd5 5. d4 cxd4
6. Nxd4 (6. cxd4 {transposes to an equal line of the Panov Variation in
Caro-Kann.}) 6... a6 (6... e5 7. Bb5+ $1 (7. Nb5 Be6 8. Bc4 ({Nothing brings} 
8. c4 Nb4 9. Qxd8+ Kxd8 10. N1a3 a6 11. Nc3 N8c6) 8... Nxc3 $1 9. Qxd8+ Kxd8
10. Bxe6 Nxb5 11. Bxf7 Nd4 12. O-O Nc2 13. Bg5+ Be7 14. Rd1+ Nd7 15. Na3 (15.
Be6 Nd4 $1) 15... Bxg5 (15... Nxa3 16. Be6 $16) 16. Nxc2 Ke7 17. Bd5 Rac8 $11)
7... Bd7 8. Qe2 {is better for White. Then} Bd6 {runs into} 9. Nf5 $16) 7. Be2
({More active is} 7. Bc4 {although with accurate play Black has no problems:}
Nb6 (7... e6 8. O-O Be7 9. Nf5 $1 $36) (7... b5 $2 8. Nxb5 $18) (7... e5 $2 8.
Nf3 $18) 8. Bd3 g6 9. O-O Bg7 10. Re1 O-O 11. Bg5 Re8) 7... e5 $11 8. Nf3 Nc6
9. Bc4 (9. O-O Be7 $11) 9... Be6 10. Qe2 (10. O-O $2 Nxc3 11. Qxd8+ Rxd8 12.
Bxe6 Ne2+ 13. Kh1 fxe6 $15) 10... f6 (10... Be7 $142 11. O-O ({Complications
after} 11. Nxe5 $2 Nxe5 12. Qxe5 Nb4 $1 {are bad for White}) 11... O-O 12. Bb3
$11 (12. Nxe5 Nxe5 13. Qxe5 Bd6 $44)) 11. O-O Qd7 12. Bb3 Qf7 $6 ({Correct was
} 12... Rd8 {and if necessary, only later Qf7.}) (12... Be7 13. Rd1 $36) (12...
Bc5 13. Rd1 $36) 13. Nd4 $1 {Using the fact that opponent's king remained in
the center, White starts concrete actions immediately.} Bd7 $6 (13... Nxd4 $142
14. cxd4 Be7 $1 (14... Bd6 15. f4 $1 $16) 15. dxe5 O-O 16. exf6 Bxf6 $44) (
13... exd4 $2 14. Bxd5 $18) 14. Qe4 ({White could achieve a large advantage by
playing} 14. Qf3 $1 Nce7 15. c4 $16 {with a similar idea like in the game,
only avoiding the exchange of queens.}) 14... Nce7 15. c4 Qg6 $1 16. Qxg6+ (16.
Qf3 Bg4 $1 17. Qg3 Nb4 {is good for Black}) (16. Qe2 Bh3 17. Qf3 Bg4) 16...
hxg6 $1 {It turns out that in the arising endgame Black's chances are not
worse.} 17. cxd5 (17. Nf3 Nb4 $15) 17... exd4 18. Re1 (18. Rd1 Nf5 19. Nd2 $13)
18... Kd8 19. Na3 (19. Bd2 {is not dangerous even due to the simple} b6) ({
but deserved attention} 19. Nd2 Nf5 20. Nf3 g5 21. h3 $13) 19... b5 $1 20. Nc2
(20. Bd2 a5 $15) 20... Nf5 21. Rd1 Bc5 22. Ne1 g5 23. Nd3 Bd6 24. g3 (24. h3
$142) 24... Kc7 ({Good looks also} 24... Ke7) 25. Bd2 Kb6 26. a4 Rh3 $1 27.
axb5 $2 {Bringing opponent's bishop to b5 proves to be fatal.} ({After} 27. a5+
{Black had to find the correct square for the king:} Ka7 $1 (27... Kb7 28. Bb4
$1 {[%csl Rc5]} Rah8 (28... Bxb4 29. Nxb4 Rah8 30. d6 $16 {[%cal Gb3d5]}) 29.
Bxd6 Nxd6 (29... Rxh2 30. Nc5+ Kc8 31. Ne4 $18) 30. Nc5+ Kc8 31. Rxd4 Rxh2 32.
Rh4 $1 {[%csl Ra6]} R2xh4 (32... gxh4 33. Kxh2 hxg3+ 34. Kxg3 $13) 33. gxh4
Rxh4 34. Nxa6 Rg4+ 35. Kf1 Rh4 $13 {/=}) 28. Bb4 Rah8 $17) 27... Bxb5 $19 28.
Ba5+ Kb7 $17 29. Bc2 Rah8 30. Nc5+ (30. Nb4 Rxh2 31. Be4 (31. Bxf5 Be2 32. Be4
g4 $19) 31... Be2 (31... Ne3 $5 32. fxe3 f5 33. Bg2 dxe3 $40 {[%cal Gd6c5]} 34.
Rac1 g4 $44 {[%cal Gg7g5,Gf5f4]}) 32. Re1 d3 $19 {[%cal Gf5d4]}) 30... Bxc5 31.
Bxf5 Rxh2 32. Be4 g4 {[%cal Gb5e2,Ge2f3]} 33. Rd2 (33. Rac1 f5 34. Bg2 Be2 $19)
33... f5 34. Bg2 Bc4 $1 35. Rc2 Rxg2+ 36. Kxg2 Bxd5+ 37. Kf1 d3 38. Ke1 Rh1+
39. Kd2 dxc2 0-1

[Event "Ciocaltea Memorial"]
[Site "Bucharest"]
[Date "2002.03.05"]
[Round "2"]
[White "Vajda, Levente"]
[Black "Lupulescu, Constantin"]
[Result "1-0"]
[WhiteElo "2513"]
[BlackElo "2473"]
[Annotator "Rogozenco,D"]
[PlyCount "51"]
[EventDate "2002.03.04"]
[EventType "tourn"]
[EventRounds "11"]
[EventCountry "ROU"]
[EventCategory "9"]
[SourceTitle "CBM 088"]
[Source "ChessBase"]
[SourceDate "2002.03.21"]
[SourceVersion "1"]
[SourceVersionDate "2002.03.21"]
[SourceQuality "1"]

1. e4 c5 2. c3 Nf6 3. e5 Nd5 4. d4 cxd4 5. Nf3 e6 6. cxd4 d6 7. Nc3 Nxc3 8.
bxc3 Nc6 (8... Qc7 {is more logical to attack c3 first, all the more that
Black played it anyway soon.}) 9. exd6 Bxd6 10. Bd3 Qc7 11. O-O O-O 12. Re1 e5
$2 (12... f5 13. Bc4 Nd8 14. Qb3 b5 $1 15. Bxb5 Rb8 16. Qa4 Bb7 17. Ne5 Qxc3
18. Bf4 Be4 $13 {1/2-1/2 Zuckerman,B-Christiansen,L/Mentor 1977 (60)}) 13. dxe5
Nxe5 14. Nxe5 Bxe5 15. Qh5 $1 $146 {Black is in big trouble after this simple
move.} (15. Bxh7+ Kxh7 16. Qh5+ Kg8 17. Qxe5 Qxe5 18. Rxe5 Bd7 19. Be3 f6 20.
Re7 Rf7 21. Rxf7 Kxf7 {1/2-1/2 Siegel,G-Luther,T/Bremen 1998}) 15... f5 $8 (
15... g6 16. Qxe5 $18) 16. Ba3 {All the development moves are made with tempo.}
Bd6 (16... Rd8 17. Re3 $36 g6 (17... Bd7 18. Rae1 Re8 19. Bxf5 $5 {is even
worse.}) 18. Qh4 Be6 19. Rae1 Bf7 $16) 17. Bxd6 Qxd6 18. Bc4+ Kh8 19. Rad1 Qc7
(19... Qc5 {is more stubborn, though the position is very bad.} 20. Rd4 $1 (20.
Re8 Bd7 21. Rxa8 Rxa8 22. Rxd7 Qxc4 23. Qxf5 Qxc3 $16) 20... b5 21. Re8 $1 (21.
Bf7 h6) 21... Bd7 (21... Bb7 22. Rh4 h6 23. Re6 $18) (21... bxc4 22. Rdd8 Bb7
23. Rxa8 Bxa8 24. Qf7 $18) 22. Bf7 $1 {threatening Qxh7 and Rh4 mate} Qc6 23.
Rxa8 (23. Qxh7+ $2 Kxh7 24. Rh4+ Qh6) 23... Rxa8 24. Qd1 Rd8 25. h3 $18) 20.
Re8 $18 {Now this wins immediately.} Bd7 21. Rxa8 Rxa8 22. Qf7 Rd8 23. h4 h6
24. Re1 Qa5 25. Re7 Qxc3 26. Rxd7 (26. Rxd7 Qc1+ 27. Bf1) 1-0

[Event "Ciocaltea Memorial"]
[Site "Bucharest"]
[Date "2002.03.14"]
[Round "11"]
[White "Miljanic, Boro"]
[Black "Manolache, Marius"]
[Result "0-1"]
[WhiteElo "2431"]
[BlackElo "2433"]
[Annotator "Rogozenco,D"]
[PlyCount "90"]
[EventDate "2002.03.04"]
[EventType "tourn"]
[EventRounds "11"]
[EventCountry "ROU"]
[EventCategory "9"]
[SourceTitle "CBM 088"]
[Source "ChessBase"]
[SourceDate "2002.03.21"]
[SourceVersion "1"]
[SourceVersionDate "2002.03.21"]
[SourceQuality "1"]

1. e4 c5 2. Nf3 e6 3. c3 Nf6 4. e5 Nd5 5. d4 cxd4 6. cxd4 d6 7. Bc4 Nc6 8. O-O
Be7 9. Qe2 O-O 10. Qe4 Qc7 11. Nbd2 (11. Bd3 f5 12. exf6 Nxf6 13. Qe2 Nb4 14.
Bc4 d5 15. Bb3 Nc6 16. h3 Bd7 17. Nc3 Rae8 18. Be3 a6 19. Rac1 Bd6 20. Rfe1 Qb8
$11 {1-0 Miljanic,B-Lupulescu,C/Bucharest 2002 (43)}) 11... Bd7 12. a3 (12.
Bxd5 exd5 13. Qxd5 dxe5 14. dxe5 (14. Nxe5 Be6 15. Qe4 Nb4 $44 {[%cal Ge6d5]})
14... Rad8 15. Qe4 Qc8 $5 $44 16. Nb3 Bf5 17. Qe3 Rd3 18. Qe2 Rfd8 {/\19. ...
Bg4}) 12... Rad8 13. Re1 b5 $1 14. Bd3 (14. Bxb5 Nxe5 $17) (14. Bxd5 exd5 15.
Qxd5 dxe5 16. Nxe5 Nxe5 (16... Be8 $5 17. Nxc6 Bxc6 18. Rxe7 Qxe7 19. Qxc6 Qe1+
20. Nf1 Rc8 21. Qxb5 Rc2 22. Qf5 Rxc1 23. Rxc1 Qxc1 24. Qb5 $13 {/=/+}) 17.
Qxe5 Bd6 18. Qh5 Qc2 $5 $44) 14... f5 15. exf6 Nxf6 16. Qe2 Qb6 17. Bxb5 Nd5 {
The point. White is still not developed, while Black already started concrete
actions.} 18. Bxc6 $2 {The move is dubious in itself - after trading White's
light-squared bishop for the knight Black has compensation in all cases, but
there is also a concrete variation which gives Black advantage.} (18. Nf1 {
White had to defend against 18...Nf4.}) 18... Nf4 19. Qb5 Bxc6 20. Qxb6 axb6
21. Ne4 Nh3+ $1 22. gxh3 (22. Kf1 Bb5+ $19) 22... Rxf3 23. Bg5 Bxg5 24. Nxg5
Rf6 25. Rxe6 $2 (25. Ne4 Rg6+ 26. Ng3 Bd5 {with a good compensation thanks to
the very strong bishop on d5 and White's broken pawn structure. Still this was
the only way for White to continue.}) 25... Bd5 $1 {All of a sudden White
loses his knight.} 26. Re7 (26. Rxf6 gxf6 $19) 26... Rg6 27. h4 h6 28. f4 hxg5
29. hxg5 Rf8 30. Rf1 Re6 $19 {The bishop is much stronger than White's pawns,
which are firmly blockaded.} 31. Rxe6 Bxe6 32. Kg2 g6 33. Kf3 Rc8 34. Rf2 Kf7
35. Ke4 Bf5+ 36. Kd5 Ke7 37. Rf3 Kd7 38. Rc3 Rh8 39. Kc4 Rxh2 40. b4 Kc6 41.
d5+ Kb7 42. Re3 Rc2+ 43. Kd4 b5 44. Re7+ Kb6 45. Re8 Rd2+ 0-1

[Event "USA-ch"]
[Site "Seattle"]
[Date "2002.01.11"]
[Round "7"]
[White "Khmelnitsky, Igor N"]
[Black "Browne, Walter Shawn"]
[Result "0-1"]
[WhiteElo "2479"]
[BlackElo "2450"]
[Annotator "Rogozenco,D"]
[PlyCount "80"]
[EventDate "2002.01.05"]
[EventType "swiss"]
[EventRounds "9"]
[EventCountry "USA"]
[SourceTitle "CBM 087"]
[Source "ChessBase"]
[SourceDate "2002.03.21"]
[SourceVersion "1"]
[SourceVersionDate "2002.03.21"]
[SourceQuality "1"]

1. e4 c5 2. c3 Nf6 3. e5 Nd5 4. d4 cxd4 5. Nf3 Nc6 6. Bc4 Nb6 7. Bb3 d5 8. exd6
Qxd6 9. O-O Be6 10. Na3 dxc3 11. Nb5 (11. Qe2 $142) 11... Qxd1 12. Rxd1 Rc8 13.
Bxe6 fxe6 {The theory has established its verdict for the arising endgame - it
is at least equal for Black. By the way, in the practice Black won twice as
many games as White from this position.} 14. bxc3 {An ugly looking move from
positional point of view. White doesn't want to retreat the knight from its
active position on b5 and hopes to create some pressure on the open files.} (
14. Nxc3 g6 15. Re1 Bg7 16. Rxe6 O-O 17. Re4 Rf5 (17... Rfd8 18. Bd2 Rd3 $15 {
0-1 Rodemann,E-Rogozenko,D/Bad Wiessee 1997 (27)}) 18. Bg5 Nd5 19. Nxd5 Rxd5
20. h4 Ra5 21. Re2 Rd8 22. a3 Rb5 $15 {1/2-1/2 Nadyrkhanov,S-Kruppa,Y/Sochi
1994 (54)}) 14... Nc4 (14... g6 $11) 15. Re1 (15. Ng5 $142 {Probably best for
White in this line is trying to force a draw by repetition.} e5 16. Ne6 Kf7 (
16... h6 $5) 17. Nbc7 (17. Ng5+ Ke8 18. Ne6 Kf7 $11) 17... g6 18. f4 Bg7 19.
fxe5 N4xe5 20. Rf1+ Bf6 21. Bh6 g5 $1 22. Bxg5 Nd8 23. Nxd8+ Rhxd8 24. Rae1
Rxc7 25. Rxe5 Rd3 26. Bxf6 exf6 27. Rh5 Kg6 28. Rh4 Rdxc3 $17 {/-+, Brauning,
R-Yakovich,Y/ Munchen open 1991}) 15... e5 16. Rb1 b6 17. Na3 Nd6 $15 {/-/+.}
18. c4 g6 19. c5 (19. Bb2 Bg7 20. Nxe5 Nxe5 21. Bxe5 Bxe5 22. Rxe5 Nxc4 (22...
Kf7 $5) 23. Nxc4 Rxc4 24. Rbe1 Rc7 $17) 19... bxc5 20. Be3 e4 21. Bxc5 exf3 22.
Bxd6 Bg7 23. g3 Bf6 $17 24. Bc5 O-O 25. Nb5 a6 26. Na7 Nxa7 27. Bxa7 Rc2 28. a4
Ra2 29. Re4 Rc8 30. h4 Rc3 31. Bb6 Kf7 32. a5 e5 33. Kh2 Ke6 34. Be3 Kf5 35.
Rbb4 h5 36. g4+ hxg4 37. Rxg4 Be7 38. Ra4 Rxa4 39. Rxa4 e4 40. Rd4 Rd3 0-1

[Event "ROM-ch"]
[Site "Targoviste"]
[Date "2001.11.27"]
[Round "4"]
[White "Itkis, Boris"]
[Black "Vasiesiu, Dan"]
[Result "1-0"]
[WhiteElo "2472"]
[BlackElo "2440"]
[Annotator "Rogozenco,D"]
[PlyCount "73"]
[EventDate "2001.11.23"]
[EventType "tourn"]
[EventRounds "15"]
[EventCountry "ROU"]
[EventCategory "9"]
[SourceTitle "CBM 087"]
[Source "ChessBase"]
[SourceDate "2002.03.21"]
[SourceVersion "1"]
[SourceVersionDate "2002.03.21"]
[SourceQuality "1"]

1. e4 c5 2. Nf3 e6 3. c3 Nf6 4. e5 Nd5 5. Bc4 d6 6. d4 cxd4 7. cxd4 Nb6 8. Bd3
(8. Bb3 {is considered the main retreat, but the game move is at least not
worse.}) 8... Nc6 (8... Bd7 $5 9. O-O Bc6 10. Nc3 N8d7 11. Bb5 (11. Bf4 $5)
11... Be7 12. Bxc6 bxc6 $14 {/=. Smagin,S-Polgar,J/Emsdetten 2002 (37)}) (8...
dxe5 9. dxe5 Bd7 10. O-O Bc6 11. Qe2 Be7 12. Nc3 O-O 13. Rd1 N8d7 14. Nd4 Qb8
15. Nxc6 bxc6 16. Bf4 Nd5 17. Bg3 $14 {1-0 Jonkman,H-Sulskis,S/Lisbon 2001 (41)
}) 9. O-O dxe5 {The planning endgame favours White.} (9... Nb4 {is probably a
better alternative.}) 10. dxe5 Nb4 11. Be4 Qxd1 12. Rxd1 {In this endgame
White's chances are better, which was proved in the practice as well. Black is
having serious development problems.} Bd7 {The alternatives don't solve
problems either:} (12... N4d5 13. a4 ({In the following game White achieved an
advantage with the direct Nc3. The interesting part about that game is that
the position arose from Alekhine Defence, not Sicilian.} 13. Nc3 Nxc3 14. bxc3
Bc5 15. Rb1 a6 16. Nd4 Rb8 17. Nb3 $16 {1-0 Rahls,P-Kripp,W/Dresden 2001 (38)})
13... a5 14. Nc3 Nxc3 15. bxc3 Bc5 16. Nd4 Bd7 17. Bxb7 Ra7 18. Bf3 h6 19. Nb3
Nxa4 20. Nxc5 Nxc5 21. Be3 Rc7 22. Rxa5 Nb3 23. Ra8+ Bc8 24. Bb6 Rxc3 25. Rd8+
Ke7 26. Ra7+ {1-0 Timman,J-Handke,F/Amsterdam 2001}) (12... f5 13. exf6 gxf6
14. Nc3 f5 15. Bb1 Bg7 16. a3 Na6 17. Ba2 Bd7 18. Bf4 Bxc3 19. bxc3 Nc5 20. Ne5
$16 {1/2-1/2 Godena,M-Galego,L/Leon 2001 (38)}) 13. Bxb7 $1 {Played first by
Sveshnikov, this simple move turned out to give White big advantage.} Nc2 14.
Bxa8 Nxa8 15. Nc3 Nxa1 16. Ne1 $1 {Suddenly all becomes clear. The knight on
a1 is trapped. I suppose Black didn't know Sveshnikov's game played half an
year before the present one.} Bc5 {Only this move is a novely. However, it
doesn't change the evaluation.} ({The above mentioned game continued:} 16...
Nb6 17. Be3 Nc4 18. Bd4 Nxb2 19. Rxa1 Nc4 20. Rb1 {Black regained the pawn,
but White's initiative is decisive, 1-0 Sveshnikov,E-Filippov,V/Bled 2001 (32)}
) 17. Bf4 Nb3 18. axb3 $16 Nc7 (18... Bc6 19. Rc1 Bb6 20. Na4 $16) 19. Nc2 Bc6
20. b4 Bb6 21. Rd6 Bd7 (21... Bb7 22. Ne3 (22. Na4 Nd5 23. Nxb6 Nxf4 (23...
axb6 24. Be3 b5 25. Nd4 $18) 24. Rd7 Bxg2 25. Rxa7 O-O 26. Nd4 Rb8 27. Rc7 $1
$16) 22... Ba6 23. Na4 $16) 22. Na3 Ke7 23. Nc4 Rb8 24. h4 h6 25. Kf1 Nb5 26.
Rxd7+ Kxd7 27. Nxb5 Bxf2 28. Kxf2 Rxb5 29. Bd2 $18 h5 30. Bc3 Kc6 31. Ke3 Rd5
32. Nd6 f5 33. exf6 gxf6 34. Ne8 f5 35. Ng7 Kd6 36. Nxh5 Rd1 37. Nf4 1-0